Prehľad gramatiky a pravopisu slovenského jazyka s diktátmi, cvičeniami a testami

Bibliographic Details
Main Authors: Caltíková, Milada (Author), Tarábek, Ján (Author)
Format: Book
Language:Slovak
PhysicalDescription:200 s. tab. 24 cm
Published: Bratislava Didaktis 2009
ISBN:9788089160662
Edition:4. dopl. a upr. vyd.
Subjects:

MARC

LEADER 00000cam a2200000 a 4500
001 vtls010062000
003 SK-MaSNL
005 20260301083513.0
008 240318s2009 xo l j 000 0 slo
015 |a SNBA2011/03-01384 
020 |a 9788089160662  |q (brož.) 
035 |a 44C3B4C9-DDD8-4DED-ABCB-8C8833DA9AAD 
035 |a urn:nbn:sk:snk-amjfmp 
035 |a urn:nbn:sk:snk-am001rnx 
040 |a SNK  |b slo  |c SNK  |e AACR2 
041 0 |a slo 
044 |a xo  |c SK 
072 7 |a 811.162.4  |x Slovenčina  |2 konspekt 
080 |a 811.162.4  |2 2001 
080 |a 81'36  |2 2001 
080 |a 81'35  |2 2001 
080 |a (076.3)  |2 2001 
080 |a (035)  |2 2001 
100 1 |a Caltíková, Milada  |4 aut  |9 240361 
245 1 0 |a Prehľad gramatiky a pravopisu slovenského jazyka  |b s diktátmi, cvičeniami a testami  |c [autori: Milada Caltíková, Ján Tarábek] 
250 |a 4. dopl. a upr. vyd. 
260 |a Bratislava  |b Didaktis  |c 2009 
300 |a 200 s.  |b tab.  |c 24 cm 
504 |a Bibliogr. s. 200 
650 0 7 |a slovenčina  |2 SNKPH  |9 1350 
650 0 7 |a gramatika  |2 SNKPH  |9 865 
650 0 7 |a pravopis  |2 SNKPH  |9 868 
650 0 7 |a Slovak language  |2 SNKPHeng  |9 266031 
650 0 7 |a Grammar  |2 SNKPHeng  |9 278150 
650 0 7 |a Orthography and spelling  |2 SNKPHeng  |9 282043 
655 7 |a diktáty a cvičenia  |2 SNKPH  |9 70566 
655 7 |a príručky  |2 SNKPH  |9 74364 
655 7 |a Language exercises and dictations  |2 SNKPHeng  |9 316923 
655 7 |a Handbooks, manuals, etc.  |2 SNKPHeng  |9 90964 
700 1 |a Tarábek, Ján  |4 aut  |9 47326 
852 |a Štátna vedecká knižnica v Banskej Bystrici 
919 |a 978-80-89160-66-2 
958 |a NB 
968 |d 81 
999 |c 660705  |d 662635 
952 |a SNK  |b SNK  |y PREZ  |7 0  |p 17A0664359  |o snkSC 140971  |i snk2010/13463  |8 0  |0 0  |1 0  |4 0  |d 2010-06-21  |f 1  |l 0  |r 2025-07-09 00:00:00  |w 2026-02-23 
952 |a SNK  |b SNK  |y VYP  |7 0  |p 17A0664360  |o snkSC 140971 D1  |i snk2010/13467  |8 0  |0 0  |1 0  |4 0  |d 2010-06-21  |l 0  |r 2026-02-23 18:52:31  |w 2026-02-23